Представление документа в формате MARC21

ПолеНазваниеЗначение
  Тип записи a
  Библиографический уровень m
001 Контрольный номер RU/URAIT/590658
005 Дата корректировки 20260429163645.4
008 Кодируемые данные 260429s2026 RU y f j 000 0 rus u
020 Индекс ISBN __
a ISBN 978-5-534-21934-0
c Цена, тираж 2589.00
040 Источник каталогиз. __
a Служба первич. каталог. ИКО Юрайт
c Служба, преобразующая запись ИКО Юрайт
e Правила каталог. RCR
041 Код языка издания __
a Код языка текста rus
044 Код страны публикации __
a Код страны публикации RU
080 Индекс УДК __
a Индекс УДК 330
084 Индекс другой классификации/Индекс ББК __
2 Источник индекса rubbk
a Индекс другой классификации/Индекс ББК 65.01я73
100 Автор __
a Автор Конотопов М. В.
q Полное имя Конотопов Михаил Васильевич
245 Заглавие __
a Заглавие Экономическая история
b Продолж. заглавия учебник для вузов
c Ответственность М. В. Конотопов, С. И. Сметанин, А. В. Тебекин.
250 Сведения об издании __
a Основные сведения об издании 12-е изд.
256 Характеристики компьютерного файла __
a Характеристики компьютерного файла Электрон. дан.
260 Выходные данные __
a Место издания Москва
b Издательство Юрайт
c Дата издания 2026
300 Физическое описание __
a Объем 510 с
440 Серия __
a Серия Высшее образование
500 Примечания __
a Примечание URL: https://urait.ru/bcode/590658 (дата обращения: 29.04.2026).
520 Аннотация __
a Аннотация Рассмотрен весь процесс экономического развития человечества. Особое внимание уделено тем периодам и регионам, изменения в которых носили принципиальный характер для мировой экономики. Изложена подробно экономика России, а также бывшего Советского Союза с использованием современных статистических данных. Обобщен опыт мировой экономики с учетом результатов исследований авторов. Для студентов экономических специальностей вузов.
538 Прим. о системных особенностях __
a Прим. о системных особенностях Режим доступа: Электронно-библиотечная система Юрайт, для авториз. пользователей
653 Ключевые слова __
a Ключевые слова Экономическая теория, история экономики и история экономических учений
653 Ключевые слова __
a Ключевые слова Экономические науки
653 Ключевые слова __
a Ключевые слова История экономики
653 Ключевые слова __
a Ключевые слова Экономическая история
653 Ключевые слова __
a Ключевые слова История экономики и экономических учений
653 Ключевые слова __
a Ключевые слова История экономики России
653 Ключевые слова __
a Ключевые слова История экономики зарубежных стран
700 Другие авторы __
a Другие авторы Сметанин С. И.
q Полное имя Сметанин Станислав Иннокентьевич
700 Другие авторы __
a Другие авторы Тебекин А. В.
q Полное имя Тебекин Алексей Васильевич
856 Электронный адрес документа 40
n Местонахождение сервера Юрайт
g Электронная книга
q Тип электронного формата html
h Имя пользователя ЮРАЙТ
v Часы доступа к ресурсу 20271231
2 Способ доступа Показать документ
x Служебное примечание https://urait.ru/book/cover/8F6924D0-AC04-4888-A361-44E1AFF20F4A
u URL https://urait.ru/bcode/590658
856 Электронный адрес документа 48
q Тип электронного формата cover
u URL https://urait.ru/book/cover/8F6924D0-AC04-4888-A361-44E1AFF20F4A
911 __
u 0030=https://urait.ru/bcode/590658
911 __
u 073a=9785534219340
u 073d=2589.00
911 __
u 106a=s
911 __
u 900l=
952 Тип литературы __
i Дисциплина История экономики
952 Тип литературы __
i Дисциплина Экономическая история
952 Тип литературы __
i Дисциплина История экономики и экономических учений
952 Тип литературы __
i Дисциплина История экономики России
952 Тип литературы __
i Дисциплина История экономики зарубежных стран